|
|
|
|
| LEADER |
00827nam a2200325 4500 |
| 001 |
DLU210196412 |
| 005 |
##20210521 |
| 020 |
# |
# |
|a 9786047027453
|
| 040 |
# |
# |
|a DLU
|b vie
|
| 041 |
# |
# |
|a vie
|
| 044 |
# |
# |
|a vn
|
| 082 |
# |
# |
|a 630
|b NG-T
|
| 100 |
# |
# |
|a Nguyễn Quang Tin,
|c TS.
|
| 245 |
# |
# |
|a Thực hành nông nghiệp hữu cơ /
|c Nguyễn Quang Tin.
|
| 260 |
# |
# |
|a H. :
|b Văn hóa dân tộc,
|c 2020.
|
| 300 |
# |
# |
|a 175 tr. ;
|c 20 cm.
|
| 490 |
# |
# |
|a Nông nghiệp xanh bền vững
|
| 504 |
# |
# |
|a Tài liệu tham khảo: tr. 174.
|
| 650 |
# |
# |
|a 74000
|
| 923 |
# |
# |
|a 03/2020
|
| 991 |
# |
# |
|a SH
|
| 992 |
# |
# |
|a 74000
|
| 994 |
# |
# |
|a DLU
|
| 900 |
# |
# |
|a True
|
| 911 |
# |
# |
|a Nguyễn Thanh Hương
|
| 925 |
# |
# |
|a G
|
| 926 |
# |
# |
|a A
|
| 927 |
# |
# |
|a SH
|
| 980 |
# |
# |
|a Thư viện Trường Đại học Đà Lạt
|